[Event "388 Stay Safe Play From Home series"]
[Site "Emanuel Lasker Arena"]
[Date "2020.08.17"]
[Round "2"]
[White "IceQueen"]
[Black "Stefanone"]
[Result "1-0"]
[WhiteElo "2260"]
[BlackElo "2001"]
[PlyCount "89"]
[EventDate "2020.08.17"]
[EventType "swiss (blitz)"]

1. e4 {[%emt 0:00:01]} d5 {[%emt 0:00:00]} 2. Nc3 {[%emt 0:00:00]} d4 {[%emt 0:00:01]} 3. Nce2 {[%emt 0:00:01]} e5 {[%emt 0:00:00]} 4. Ng3 {[%emt 0:00:00]} c5 {[%emt 0:00:00]} 5. Nf3 {[%emt 0:00:00]} f6 {[%emt 0:00:00]} 6. Bc4 {[%emt 0:00:01]} Nc6 {[%emt 0:00:00]} 7. d3 {[%emt 0:00:00]} Qe7 {[%emt 0:00:01]} 8. h4 {[%emt 0:00:01]} Be6 {[%emt 0:00:01]} 9. Nf5 {[%emt 0:00:01]} Qd7 {[%emt 0:00:01]} 10. b3 {[%emt 0:00:02]} O-O-O {[%emt 0:00:02]} 11. a4 {[%emt 0:00:01]} Nge7 {[%emt 0:00:01]} 12. Nxe7+ {[%emt 0:00:02]} Bxe7 {[%emt 0:00:00]} 13. Bd2 {[%emt 0:00:01]} Bxc4 {[%emt 0:00:01]} 14. bxc4 {[%emt 0:00:01]} g6 {[%emt 0:00:02]} 15. h5 {[%emt 0:00:01]} Rhf8 {[%emt 0:00:01]} 16. hxg6 {[%emt 0:00:02]} hxg6 {[%emt 0:00:00]} 17. Rh7 {[%emt 0:00:01]} f5 {[%emt 0:00:01]} 18. Bg5 {[%emt 0:00:02]} Rh8 {[%emt 0:00:03]} 19. Rxh8 {[%emt 0:00:03]} Rxh8 {[%emt 0:00:00]} 20. Ke2 {[%emt 0:00:04]} fxe4 {[%emt 0:00:02]} 21. dxe4 {[%emt 0:00:01]} Rd8 {[%emt 0:00:02]} 22. Bxe7 {[%emt 0:00:02]} Qxe7 {[%emt 0:00:02]} 23. Qd2 {[%emt 0:00:00]} Nb4 {[%emt 0:00:01]} 24. Rh1 {[%emt 0:00:04]} Kb8 {[%emt 0:00:01]} 25. Qg5 {[%emt 0:00:03]} Qd7 {[%emt 0:00:02]} 26. Qxe5+ {[%emt 0:00:01]} Ka8 {[%emt 0:00:01]} 27. Qxc5 {[%emt 0:00:00]} d3+ {[%emt 0:00:00]} 28. Kf1 {[%emt 0:00:09]} Nxc2 {[%emt 0:00:03]} 29. Nd2 {[%emt 0:00:02]} b6 {[%emt 0:00:03]} 30. Qd5+ {[%emt 0:00:01]} Qxd5 {[%emt 0:00:02]} 31. cxd5 {[%emt 0:00:00]} Rxd5 {[%emt 0:00:01]} 32. exd5 {[%emt 0:00:01]} Nd4 {[%emt 0:00:01]} 33. Rh3 {[%emt 0:00:01]} Ne2 {[%emt 0:00:02]} 34. Rxd3 {[%emt 0:00:00]} Nf4 {[%emt 0:00:01]} 35. Rf3 {[%emt 0:00:01]} Nxd5 {[%emt 0:00:01]} 36. Rd3 {[%emt 0:00:01]} Nc3 {[%emt 0:00:00]} 37. Rd8+ {[%emt 0:00:00]} Kb7 {[%emt 0:00:01]} 38. Rg8 {[%emt 0:00:00]} Ne4 {[%emt 0:00:01]} 39. Rxg6 {[%emt 0:00:00]} Ka6 {[%emt 0:00:00]} 40. Nxe4 {[%emt 0:00:01]} Ka5 {[%emt 0:00:01]} 41. g4 {[%emt 0:00:00]} a6 {[%emt 0:00:00]} 42. g5 {[%emt 0:00:00]} b5 {[%emt 0:00:00]} 43. Rxa6+ {[%emt 0:00:01]} Kxa6 {[%emt 0:00:01]} 44. axb5+ {[%emt 0:00:00]} Kxb5 {[%emt 0:00:00]} 45. g6 {[%emt 0:00:00] Stefanone abbandona Stefanone abbandona Stefanone abbandona (Lag: Av=0.30s, max=0.9s) (Lag: Av=0.30s, max=0.9s) (Lag: Av=0.30s, max=0.9s)} 1-0

[Event "388 Stay Safe Play From Home series"]
[Site "Emanuel Lasker Arena"]
[Date "2020.08.17"]
[Round "2"]
[White "Trotsky"]
[Black "Greblha"]
[Result "0-1"]
[WhiteElo "1603"]
[BlackElo "1953"]
[PlyCount "62"]
[EventDate "2020.08.17"]
[EventType "swiss (blitz)"]

1. d4 {[%emt 0:00:01]} c6 {[%emt 0:00:00]} 2. e3 {[%emt 0:00:01]} d5 {[%emt 0:00:00]} 3. c4 {[%emt 0:00:01]} Nf6 {[%emt 0:00:01]} 4. Nc3 {[%emt 0:00:01]} e6 {[%emt 0:00:01]} 5. Nf3 {[%emt 0:00:01]} Bb4 {[%emt 0:00:01]} 6. Qc2 {[%emt 0:00:02]} Bxc3+ {[%emt 0:00:01]} 7. bxc3 {[%emt 0:00:01]} Ne4 {[%emt 0:00:01]} 8. c5 {[%emt 0:00:02]} Nd7 {[%emt 0:00:01]} 9. Bd3 {[%emt 0:00:01]} Ndf6 {[%emt 0:00:01]} 10. h4 {[%emt 0:00:03]} O-O {[%emt 0:00:00]} 11. Ng5 {[%emt 0:00:01]} h6 {[%emt 0:00:04]} 12. f3 {[%emt 0:00:01]} Nxg5 {[%emt 0:00:02]} 13. hxg5 {[%emt 0:00:01]} Ne8 {[%emt 0:00:07]} 14. Bh7+ {[%emt 0:00:01]} Kh8 {[%emt 0:00:01]} 15. Bg8 {[%emt 0:00:01]} Rxg8 {[%emt 0:00:06]} 16. gxh6 {[%emt 0:00:02]} g6 {[%emt 0:00:01]} 17. Bd2 {[%emt 0:00:02]} Kh7 {[%emt 0:00:02]} 18. O-O-O {[%emt 0:00:01]} Nf6 {[%emt 0:00:01]} 19. g4 {[%emt 0:00:01]} b6 {[%emt 0:00:02]} 20. e4 {[%emt 0:00:01]} dxe4 {[%emt 0:00:03]} 21. fxe4 {[%emt 0:00:01]} Nxg4 {[%emt 0:00:01]} 22. Rdg1 {[%emt 0:00:03]} Nf2 {[%emt 0:00:01]} 23. Rh2 {[%emt 0:00:01]} Nxe4 {[%emt 0:00:02]} 24. Qxe4 {[%emt 0:00:03]} bxc5 {[%emt 0:00:01]} 25. Rhg2 {[%emt 0:00:03]} Qd5 {[%emt 0:00:01]} 26. Qd3 {[%emt 0:00:02]} f5 {[%emt 0:00:01]} 27. Rg5 {[%emt 0:00:05]} Qxa2 {[%emt 0:00:01]} 28. Kd1 {[%emt 0:00:02]} Qa1+ {[%emt 0:00:01]} 29. Ke2 {[%emt 0:00:01]} Qa6 {[%emt 0:00:01]} 30. c4 {[%emt 0:00:02]} Bd7 {[%emt 0:00:02]} 31. Rxf5 {[%emt 0:00:03]} exf5 {[%emt 0:00:01] Âðåìÿ Âðåìÿ Âðåìÿ (Lag: Av=0.38s, max=1.0s) (Lag: Av=0.38s, max=1.0s) (Lag: Av=0.38s, max=1.0s)} 0-1

[Event "388 Stay Safe Play From Home series"]
[Site "Emanuel Lasker Arena"]
[Date "2020.08.17"]
[Round "3"]
[White "AChessPlayer"]
[Black "NTBT_DHS"]
[Result "0-1"]
[WhiteElo "2447"]
[BlackElo "2564"]
[Annotator "TA"]
[PlyCount "52"]
[EventDate "2020.08.17"]
[EventType "swiss (blitz)"]

{[%evp 15,52,45,56,41,39,-10,-14,-100,-81,-108,-95,-95,-29,-58,0,0,0,-68,-22,-43,-35,-40,0,-15,-10,-6,-8,-44,26,32,29,-128,-99,-144,-153,-136,-149,-2262,-2221]} 1. Nf3 d5 2. g3 Nf6 3. Bg2 c5 4. O-O Nc6 5. d4 cxd4 6. Nxd4 e5 7. Nxc6 bxc6 8. c4 Be6 $1 {8...Be6 scores better than 8...Be7.} 9. Nc3 {D02: 1 d4 d5 2 Nf3 sidelines, including 2...Nf6 3 g3 and 2...Nf6 3 Bf4.} Rc8 10. Bg5 d4 {[#]} 11. Bxf6 $146 (11. Ne4 $11) ({Predecessor:} 11. Ne4 Be7 12. Bxf6 gxf6 13. Qa4 f5 14. Nd2 Qd7 15. c5 e4 16. Rac1 O-O 17. f4 {0-1 (40) Ersahin,B (2179)-Altun,A (1955) Paracin 2018}) 11... gxf6 $17 12. Ne4 f5 ({Of course not} 12... Bxc4 $6 13. Rc1 $11) 13. Nd2 Qa5 (13... h5 $17) 14. a3 Bg7 ({Black should play} 14... h5 $15) 15. b4 $11 Qc7 16. Qa4 (16. Nb3 $11) 16... O-O 17. Rac1 e4 18. c5 Bd5 19. Nc4 (19. Qc2 {keeps more tension.} a5 20. Nc4 axb4 21. axb4 Ra8 22. Nd6) 19... Bxc4 20. Rxc4 Rfd8 21. Rd1 Be5 ({Better is} 21... Qe5 $15) 22. Bh3 Qd7 23. e3 $2 {[#]} (23. f3 $11) 23... Qe6 $17 24. Rcxd4 Bxd4 25. exd4 Rc7 26. Qb3 $2 {[%mdl 8192]} (26. Qc2 $17) 26... Qxb3 {Accuracy: White = 32%, Black = 61%.} 0-1

[Event "388 Stay Safe Play From Home series"]
[Site "Emanuel Lasker Arena"]
[Date "2020.08.17"]
[Round "3"]
[White "Hickey"]
[Black "Mepe_Nika"]
[Result "0-1"]
[WhiteElo "2271"]
[BlackElo "2385"]
[Annotator "TA"]
[PlyCount "122"]
[EventDate "2020.08.17"]
[EventType "swiss (blitz)"]

{[%evp 16,122,-16,-34,-26,-50,-47,-51,6,0,0,-27,34,0,91,87,107,106,112,108,120,106,99,66,66,17,33,6,19,-10,-4,-27,-27,-29,-29,-56,-53,-68,0,0,0,-14,0,0,237,237,223,-11,8,-12,-9,-25,8,0,110,83,86,90,100,83,85,85,90,90,92,95,397,400,439,425,647,399,388,374,350,222,252,250,153,50,220,63,56,50,398,272,271,0,91,84,95,70,368,0,0,0,0,0,0,-8,-8,-8,-8,-8,-4,-750,-716,-460,-334]} 1. Nf3 d5 2. g3 g6 3. Bg2 Bg7 4. O-O e5 5. c4 dxc4 6. Qa4+ Nc6 7. Qxc4 Nge7 8. Nc3 O-O 9. d3 Be6 {A07: Réti Opening: New York and Capablanca Systems.} 10. Qa4 h6 11. Be3 {[#]} Nd5 $146 (11... Nd4 $15) ({Predecessor:} 11... Nd4 12. Rac1 c6 13. Rfe1 Nef5 14. Bd2 Nxf3+ 15. Bxf3 Nd4 16. Bg2 Qd7 17. Ne4 Qc7 {½-½ (73) Malakhov,V (2702)-Inarkiev,E (2664) St Petersburg 2015}) 12. Nxd5 $11 Bxd5 13. Rfc1 Kh7 (13... Re8 $11) 14. Rab1 Nd4 (14... Re8 $11) 15. Nxd4 $16 Bxg2 {[#]} 16. Ne6 $1 {[%cal Re6d8][%mdl 512]} fxe6 17. Kxg2 c6 18. Qe4 Qd5 19. f3 Qxa2 20. h4 {With the idea h5.} Qd5 21. Qg4 (21. Qa4 {is more complex.} Qd7 22. g4 a6 23. Rc5 Qf7 24. Rh1) 21... h5 (21... a5 {with more complications.} 22. Qa4 b5 23. Qd1 a4 24. Qd2 e4) 22. Qc4 (22. Qa4 {looks sharper.} Qd7 23. Rc5 Qf7 24. g4 Kh8 25. Qe4) 22... Qxc4 23. Rxc4 Rfd8 24. Ra4 a6 25. Rb4 b5 26. Re4 Rd5 ({Black should play} 26... a5 $15) 27. Rc1 $11 Rc8 28. Bc5 Bh6 29. Rc2 Bf8 $2 (29... Kg8 $11 {and Black is okay.}) 30. Bxf8 $18 Rxf8 {[%mdl 4096] Endgame KRR-KRR} 31. b4 $2 (31. Rxc6 $18 Kg7 32. Rxe6) 31... Rc8 32. Ra2 Ra8 33. Rc2 Rc8 34. Ra2 Rd4 (34... Ra8 $11 {remains equal.}) 35. Rxd4 exd4 36. Rxa6 $16 {KR-KR} Kg7 37. f4 Kf6 38. Kf3 e5 39. Ke4 exf4 40. Kxf4 Ke6 $2 {[%mdl 8192]} (40... Kg7 $16 {is a better chance.}) 41. Ke4 $18 Kd6 {intending ...Re8+.} 42. Kxd4 Kc7 (42... Rf8 $142 43. Ra7 g5) 43. e4 Kb7 44. Ra2 Rf8 45. Kc3 Rf3 46. Rg2 Kc7 47. g4 (47. Rg1 $16) 47... Rf4 $2 {[#]} (47... Rh3 $1 $14) 48. gxh5 $2 (48. Kd2 $1 $18) 48... gxh5 $14 49. Rg7+ Kd6 $2 {[%mdl 8192]} (49... Kb6 $14) 50. Rh7 $18 Rxh4 {[#]} 51. Rh6+ $2 (51. Kd4 $1 $18) 51... Kd7 (51... Kc7 $1 $11) 52. Kd4 $16 Rh1 53. Kc5 h4 $2 {[%mdl 8192]} ({Black should try} 53... Rc1+ $1 $14 54. Kd4 Rb1) 54. Kd4 $2 (54. e5 $18) 54... h3 $11 55. Kc5 h2 {Strongly threatening ...Rc1+.} 56. Rh7+ Ke6 {White must now prevent ...Rc1+.} 57. Kb6 Ke5 {Threatens to win with ...c5!} 58. Rh5+ Kd4 {...c5 is the strong threat.} 59. e5 Kd5 60. e6+ $2 {[%mdl 8192]} (60. Kc7 $11 Ke6 61. d4) 60... Kxe6 $19 61. d4 Kd6 {What a fight! Accuracy: White = 53%, Black = 50%.} 0-1

[Event "388 Stay Safe Play From Home series"]
[Site "Emanuel Lasker Arena"]
[Date "2020.08.17"]
[Round "3"]
[White "Lazieri3"]
[Black "Stefanone"]
[Result "1-0"]
[WhiteElo "2125"]
[BlackElo "1994"]
[PlyCount "69"]
[EventDate "2020.08.17"]
[EventType "swiss (blitz)"]

1. e4 {[%emt 0:00:01]} d6 {[%emt 0:00:00]} 2. Nc3 {[%emt 0:00:01]} g6 {[%emt 0:00:00]} 3. d4 {[%emt 0:00:00]} Bg7 {[%emt 0:00:00]} 4. Be3 {[%emt 0:00:00]} Nc6 {[%emt 0:00:01]} 5. Qd2 {[%emt 0:00:01]} e5 {[%emt 0:00:01]} 6. d5 {[%emt 0:00:01]} Nce7 {[%emt 0:00:01]} 7. f3 {[%emt 0:00:00]} f5 {[%emt 0:00:01]} 8. Bb5+ {[%emt 0:00:02]} Bd7 {[%emt 0:00:01]} 9. Bxd7+ {[%emt 0:00:01]} Qxd7 {[%emt 0:00:00]} 10. Nge2 {[%emt 0:00:01]} Nf6 {[%emt 0:00:01]} 11. Bh6 {[%emt 0:00:01]} O-O {[%emt 0:00:01]} 12. h4 {[%emt 0:00:01]} f4 {[%emt 0:00:01]} 13. Bxg7 {[%emt 0:00:01]} Kxg7 {[%emt 0:00:00]} 14. O-O-O {[%emt 0:00:01]} Rh8 {[%emt 0:00:02]} 15. h5 {[%emt 0:00:01]} Nxh5 {[%emt 0:00:01]} 16. g4 {[%emt 0:00:02]} fxg3 {[%emt 0:00:01]} 17. Rxh5 {[%emt 0:00:03]} gxh5 {[%emt 0:00:01]} 18. Qg5+ {[%emt 0:00:01]} Kf7 {[%emt 0:00:01]} 19. Qxh5+ {[%emt 0:00:01]} Ng6 {[%emt 0:00:01]} 20. Nxg3 {[%emt 0:00:01]} Rag8 {[%emt 0:00:05]} 21. Nf5 {[%emt 0:00:01]} Ke8 {[%emt 0:00:01]} 22. Rg1 {[%emt 0:00:03]} Qf7 {[%emt 0:00:01]} 23. Nb5 {[%emt 0:00:02]} Nf4 {[%emt 0:00:01]} 24. Rxg8+ {[%emt 0:00:06]} Rxg8 {[%emt 0:00:00]} 25. Nbxd6+ {[%emt 0:00:02]} cxd6 {[%emt 0:00:06]} 26. Nxd6+ {[%emt 0:00:00]} Kd8 {[%emt 0:00:01]} 27. Qxf7 {[%emt 0:00:04]} Rg1+ {[%emt 0:00:01]} 28. Kd2 {[%emt 0:00:01]} Rg2+ {[%emt 0:00:00]} 29. Kc3 {[%emt 0:00:03]} Ne2+ {[%emt 0:00:02]} 30. Kb4 {[%emt 0:00:01]} Nd4 {[%emt 0:00:01]} 31. Nxb7+ {[%emt 0:00:02]} Kc8 {[%emt 0:00:01]} 32. Nc5 {[%emt 0:00:02]} Nxc2+ {[%emt 0:00:02]} 33. Ka4 {[%emt 0:00:00]} Nd4 {[%emt 0:00:02]} 34. Qd7+ {[%emt 0:00:02]} Kb8 {[%emt 0:00:01]} 35. Qb7# {[%emt 0:00:00] (Lag: Av=0.36s, max=0.5s) (Lag: Av=0.36s, max=0.5s) (Lag: Av=0.36s, max=0.5s)} 1-0

[Event "388 Stay Safe Play From Home series"]
[Site "Emanuel Lasker Arena"]
[Date "2020.08.17"]
[Round "3"]
[White "Greblha"]
[Black "IceQueen"]
[Result "0-1"]
[WhiteElo "1957"]
[BlackElo "2267"]
[PlyCount "60"]
[EventDate "2020.08.17"]
[EventType "swiss (blitz)"]

1. e4 {[%emt 0:00:01]} d6 {[%emt 0:00:00]} 2. d4 {[%emt 0:00:01]} Nf6 {[%emt 0:00:00]} 3. Nc3 {[%emt 0:00:00]} g6 {[%emt 0:00:00]} 4. f3 {[%emt 0:00:00]} c6 {[%emt 0:00:01]} 5. Be3 {[%emt 0:00:00]} b5 {[%emt 0:00:00]} 6. Qd2 {[%emt 0:00:00]} Nbd7 {[%emt 0:00:00]} 7. Nge2 {[%emt 0:00:01]} Nb6 {[%emt 0:00:00]} 8. Ng3 {[%emt 0:00:01]} h5 {[%emt 0:00:01]} 9. Be2 {[%emt 0:00:01]} h4 {[%emt 0:00:01]} 10. Nf1 {[%emt 0:00:01]} Bg7 {[%emt 0:00:00]} 11. Bg5 {[%emt 0:00:01]} Rb8 {[%emt 0:00:02]} 12. Ne3 {[%emt 0:00:01]} h3 {[%emt 0:00:02]} 13. g3 {[%emt 0:00:01]} Nh7 {[%emt 0:00:00]} 14. Bf4 {[%emt 0:00:01]} e5 {[%emt 0:00:01]} 15. dxe5 {[%emt 0:00:01]} dxe5 {[%emt 0:00:00]} 16. Qxd8+ {[%emt 0:00:01]} Kxd8 {[%emt 0:00:00]} 17. O-O-O+ {[%emt 0:00:01]} Kc7 {[%emt 0:00:02]} 18. Bxb5 {[%emt 0:00:01]} exf4 {[%emt 0:00:01]} 19. Ned5+ {[%emt 0:00:02]} cxd5 {[%emt 0:00:01]} 20. exd5 {[%emt 0:00:03]} Bxc3 {[%emt 0:00:01]} 21. bxc3 {[%emt 0:00:01]} Kd6 {[%emt 0:00:00]} 22. c4 {[%emt 0:00:02]} Nd7 {[%emt 0:00:03]} 23. Bc6 {[%emt 0:00:01]} Nc5 {[%emt 0:00:01]} 24. Rhe1 {[%emt 0:00:02]} fxg3 {[%emt 0:00:02]} 25. hxg3 {[%emt 0:00:01]} Ng5 {[%emt 0:00:00]} 26. f4 {[%emt 0:00:04]} Nge4 {[%emt 0:00:01]} 27. Rd4 {[%emt 0:00:02]} h2 {[%emt 0:00:04]} 28. Rh1 {[%emt 0:00:04]} Nf2 {[%emt 0:00:02]} 29. Rdd1 {[%emt 0:00:02]} Nxd1 {[%emt 0:00:01]} 30. Kxd1 {[%emt 0:00:01]} Rb1+ {[%emt 0:00:00] Greblha gibt auf Greblha gibt auf Greblha gibt auf (Lag: Av=0.41s, max=0.8s) (Lag: Av=0.41s, max=0.8s) (Lag: Av=0.41s, max=0.8s)} 0-1

[Event "388 Stay Safe Play From Home series"]
[Site "Emanuel Lasker Arena"]
[Date "2020.08.17"]
[Round "3"]
[White "Fat Kevin"]
[Black "Padmaesh M K"]
[Result "1-0"]
[WhiteElo "1916"]
[BlackElo "1854"]
[PlyCount "65"]
[EventDate "2020.08.17"]
[EventType "swiss (blitz)"]

1. g3 {[%emt 0:00:01]} d5 {[%emt 0:00:01]} 2. Bg2 {[%emt 0:00:00]} Nf6 {[%emt 0:00:01]} 3. c4 {[%emt 0:00:00]} c6 {[%emt 0:00:01]} 4. cxd5 {[%emt 0:00:00]} cxd5 {[%emt 0:00:00]} 5. d4 {[%emt 0:00:00]} Nc6 {[%emt 0:00:00]} 6. Nc3 {[%emt 0:00:00]} Bf5 {[%emt 0:00:01]} 7. Nf3 {[%emt 0:00:01]} e6 {[%emt 0:00:00]} 8. O-O {[%emt 0:00:00]} Bd6 {[%emt 0:00:01]} 9. Nh4 {[%emt 0:00:01]} Bg6 {[%emt 0:00:02]} 10. Nxg6 {[%emt 0:00:01]} hxg6 {[%emt 0:00:00]} 11. e4 {[%emt 0:00:01]} dxe4 {[%emt 0:00:03]} 12. Nxe4 {[%emt 0:00:00]} Bc7 {[%emt 0:00:02]} 13. Be3 {[%emt 0:00:04]} Ng4 {[%emt 0:00:02]} 14. Bg5 {[%emt 0:00:07]} f6 {[%emt 0:00:12]} 15. h4 {[%emt 0:00:01]} Nh6 {[%emt 0:00:09]} 16. Bxh6 {[%emt 0:00:02]} Rxh6 {[%emt 0:00:05]} 17. Qg4 {[%emt 0:00:00]} f5 {[%emt 0:00:01]} 18. Qe2 {[%emt 0:00:02]} fxe4 {[%emt 0:00:01]} 19. Qxe4 {[%emt 0:00:00]} Qf6 {[%emt 0:00:01]} 20. Rae1 {[%emt 0:00:02]} Kf7 {[%emt 0:00:01]} 21. d5 {[%emt 0:00:01]} exd5 {[%emt 0:00:03]} 22. Qxd5+ {[%emt 0:00:00]} Kf8 {[%emt 0:00:01]} 23. Re3 {[%emt 0:00:03]} g5 {[%emt 0:00:01]} 24. Rf3 {[%emt 0:00:01]} gxh4 {[%emt 0:00:02]} 25. Rxf6+ {[%emt 0:00:01]} gxf6 {[%emt 0:00:01]} 26. Qd2 {[%emt 0:00:02]} Kg7 {[%emt 0:00:03]} 27. g4 {[%emt 0:00:03]} h3 {[%emt 0:00:02]} 28. Be4 {[%emt 0:00:01]} h2+ {[%emt 0:00:01]} 29. Kh1 {[%emt 0:00:01]} Ne5 {[%emt 0:00:01]} 30. Qe2 {[%emt 0:00:04]} Rd8 {[%emt 0:00:00]} 31. Bf5 {[%emt 0:00:01]} Rd4 {[%emt 0:00:00]} 32. f4 {[%emt 0:00:01]} Rb4 {[%emt 0:00:02]} 33. fxe5 {[%emt 0:00:01] Time Time Time (Lag: Av=0.42s, max=1.1s) (Lag: Av=0.42s, max=1.1s) (Lag: Av=0.42s, max=1.1s)} 1-0

[Event "388 Stay Safe Play From Home series"]
[Site "Emanuel Lasker Arena"]
[Date "2020.08.17"]
[Round "4"]
[White "NTBT_DHS"]
[Black "Lazieri3"]
[Result "1-0"]
[WhiteElo "2575"]
[BlackElo "2136"]
[Annotator "TA"]
[PlyCount "91"]
[EventDate "2020.08.17"]
[EventType "swiss (blitz)"]

{[%evp 13,91,28,25,-26,-27,-20,-16,-18,-14,-27,0,8,0,-4,16,9,23,6,25,7,22,0,41,0,0,0,0,0,30,16,22,20,29,0,37,32,71,10,20,0,22,8,8,13,4,28,21,7,58,9,368,375,289,146,146,146,325,333,470,496,5940,1677,997,642,633,631,545,595,5593,4727,8385,10488,2110,2112,29977,29978,29973,29973,6510,4141]} 1. e4 c6 2. Nf3 d5 3. exd5 cxd5 4. d4 Nc6 5. Bd3 Nf6 6. c3 Bg4 7. h3 Bh5 8. g4 {B13: Caro-Kann: Exchange Variation and Panov-Botvinnik Attack.} (8. Bf4 $142) 8... Bg6 $11 9. Bf4 Bxd3 10. Qxd3 {The position is equal.} e6 {[#]} 11. Qb5 $146 ({Predecessor:} 11. Nbd2 Be7 12. O-O O-O 13. b3 Rc8 14. Rfc1 Ba3 15. Rc2 Bd6 16. Bxd6 Qxd6 17. Ne5 Nxe5 18. dxe5 Qxe5 {0-1 (28) Sveshnikov,A-Ignacz,R (2099) Brescia 2009}) 11... Qb6 12. Qxb6 axb6 13. a3 Kd7 14. Nbd2 Bd6 (14... Ne8 {seems wilder.} 15. O-O-O Bd6 16. Bg3 h5 17. g5 Be7) 15. Bg3 Bxg3 16. fxg3 h6 17. O-O Rae8 18. Ne5+ Ke7 19. Rae1 Rhf8 20. Nd3 Nd7 21. h4 Kd6 22. Nf3 f6 23. Nf4 e5 (23... g5 $5 {[%cal Rg5f4]} 24. Ng2 b5 $11) 24. Ng6 Rf7 25. dxe5+ ({White should try} 25. h5 $16) 25... fxe5 26. g5 e4 (26... hxg5 {with more complications.} 27. Nxg5 Rxf1+ 28. Kxf1 b5 29. Kg2 e4) 27. Nd4 $36 {[%mdl 2048] White has the initiative.} Rxf1+ 28. Rxf1 {Nf5+ is the strong threat.} Nxd4 29. cxd4 hxg5 30. hxg5 {[%mdl 4096] Endgame KRN-KRN} Rc8 ({Black should play} 30... Nb8 $11) 31. Nh4 {Black should prevent Nf5+.} Rc2 $2 {[%mdl 8192]} (31... Ke6 $11 {and Black is okay.}) 32. Nf5+ $18 Kc6 33. Rf2 (33. Nxg7 $18 e3 34. Nf5) 33... Rxf2 $16 34. Kxf2 {KN-KN} g6 $2 {Black cannot hold the game after this.} (34... Nf8 $16) 35. Ne7+ $18 {[%mdl 64] [#] Double Attack} Kb5 (35... Kd6 {was worth a try.} 36. Nxg6 b5) 36. Nxg6 Kc4 (36... Kc6 $142 37. Nf4 Kd6) 37. Ke3 (37. Ne5+ $142 Nxe5 38. dxe5) 37... Kb3 38. Ne5 Nf8 39. g6 {Threatens to win with g7.} Ne6 40. Nd7 Kxb2 41. Nxb6 Kxa3 42. Nxd5 b5 43. Kxe4 b4 44. Ke5 Ng7 {[#]} 45. Nxb4 $1 {[%mdl 512]} Kxb4 46. Kf6 {Accuracy: White = 63%, Black = 48%.} 1-0

[Event "388 Stay Safe Play From Home series"]
[Site "Emanuel Lasker Arena"]
[Date "2020.08.17"]
[Round "4"]
[White "IceQueen"]
[Black "Mepe_Nika"]
[Result "1-0"]
[WhiteElo "2272"]
[BlackElo "2397"]
[Annotator "TA"]
[PlyCount "53"]
[EventDate "2020.08.17"]
[EventType "swiss (blitz)"]

{[%evp 17,53,-4,-8,-54,0,0,8,-31,-18,-44,12,23,58,69,77,75,81,84,297,127,129,123,448,459,882,878,952,-939,1142,1119,1424,1422,3649,3779,3733,3385,2866,2353]} 1. d4 d5 2. Nf3 Nf6 3. c4 c6 4. Nc3 e6 5. g3 dxc4 6. a4 Nbd7 7. Bg2 Bb4 8. O-O O-O 9. Qc2 a5 10. e4 {[#] E01: Catalan: Early deviations.} Qe7 (10... e5 $1 $15 {[%mdl 512]}) 11. e5 $11 Nd5 {[#]} 12. Ne4 $146 {The position is equal.} ({Don't play} 12. Nxd5 exd5 13. Nh4 f6 $17) ({Predecessor:} 12. Ng5 f5 13. exf6 N7xf6 14. Re1 h6 15. Nf3 b5 16. Ne5 Qb7 17. Bd2 Bd7 18. Rad1 {1-0 (55) Nyzhnyk,I (2616)-Sakai,H (2097) Kenner 2016}) 12... b5 13. Neg5 {[%csl Gg5][%cal Rc2h7]} g6 (13... f5 $15 14. exf6 gxf6) 14. Ne4 f5 15. exf6 $1 N7xf6 16. Bg5 {Black must now prevent Ne5.} Bb7 17. Ne5 Bd6 $2 (17... Qc7 $16 {is a better defense.}) 18. Nxd6 (18. Nxf6+ $18 {and White stays clearly on top.} Nxf6 19. Nxc6 Bxc6 20. Bxc6) 18... Qxd6 $16 19. Rfe1 Ne7 $2 {[%mdl 8192]} (19... Qc7 $16 {is more resistant.}) 20. axb5 $18 Nd7 (20... cxb5 $142 21. Bxb7 Ra7) 21. Nxc4 Qb4 22. Ra4 $4 {[%mdl 8192]} (22. Rxe6 $18 cxb5 23. Bxb7) 22... Qxb5 $4 {[%mdl 8192]} (22... Qxe1+ $19 23. Bf1 cxb5 24. Bxe7 Rfc8 {[%mdl 64] Pin}) 23. Bxe7 {White is clearly winning.} Rf7 24. Nd6 {[%mdl 64] [#] Double Attack} Qb4 25. Rxb4 axb4 26. Nxf7 Kxf7 27. Bxb4 {Accuracy: White = 48%, Black = 12%.} 1-0

[Event "388 Stay Safe Play From Home series"]
[Site "Emanuel Lasker Arena"]
[Date "2020.08.17"]
[Round "4"]
[White "Stefanone"]
[Black "Greblha"]
[Result "1-0"]
[WhiteElo "1984"]
[BlackElo "1952"]
[PlyCount "47"]
[EventDate "2020.08.17"]
[EventType "swiss (blitz)"]

1. d4 {[%emt 0:00:01]} c6 {[%emt 0:00:00]} 2. e3 {[%emt 0:00:00]} d5 {[%emt 0:00:00]} 3. f4 {[%emt 0:00:01]} Nf6 {[%emt 0:00:01]} 4. Nf3 {[%emt 0:00:00]} Bg4 {[%emt 0:00:01]} 5. Bd3 {[%emt 0:00:00]} Bxf3 {[%emt 0:00:00]} 6. Qxf3 {[%emt 0:00:01]} e6 {[%emt 0:00:00]} 7. O-O {[%emt 0:00:00]} Nbd7 {[%emt 0:00:01]} 8. c3 {[%emt 0:00:00]} Be7 {[%emt 0:00:01]} 9. Nd2 {[%emt 0:00:00]} O-O {[%emt 0:00:00]} 10. Qe2 {[%emt 0:00:00]} c5 {[%emt 0:00:00]} 11. Nf3 {[%emt 0:00:01]} c4 {[%emt 0:00:01]} 12. Bc2 {[%emt 0:00:01]} Ne4 {[%emt 0:00:01]} 13. Bxe4 {[%emt 0:00:01]} dxe4 {[%emt 0:00:01]} 14. Nd2 {[%emt 0:00:00]} b5 {[%emt 0:00:02]} 15. Nxe4 {[%emt 0:00:01]} Nb6 {[%emt 0:00:01]} 16. Nd2 {[%emt 0:00:00]} Nd5 {[%emt 0:00:01]} 17. e4 {[%emt 0:00:01]} Nf6 {[%emt 0:00:01]} 18. e5 {[%emt 0:00:01]} Nd5 {[%emt 0:00:01]} 19. Ne4 {[%emt 0:00:01]} a5 {[%emt 0:00:02]} 20. f5 {[%emt 0:00:01]} Qc7 {[%emt 0:00:01]} 21. f6 {[%emt 0:00:01]} gxf6 {[%emt 0:00:00]} 22. exf6 {[%emt 0:00:01]} Bd6 {[%emt 0:00:01]} 23. Qg4+ {[%emt 0:00:01]} Kh8 {[%emt 0:00:01]} 24. Qg7# {[%emt 0:00:01] (Lag: Av=0.34s, max=0.5s) (Lag: Av=0.34s, max=0.5s) (Lag: Av=0.34s, max=0.5s)} 1-0